000 00443nam a2200169Ia 4500
008 230711s9999||||xx |||||||||||||| ||und||
020 _a978-81-265-6955-7
041 _aENG
082 _a615.10285
_bEK-C
100 _aEkins,Sean
245 0 _aComputer Applications in Pharmaceutical Research and Development
250 _a1st Ed.
260 _c2017
_aNew Delhi
_bWiley India Pvt.Ltd
300 _a805p.
650 _aPharmacy
942 _cBK
999 _c7277
_d7277